LIBRARY & INFORMATION CENTRE, KCAET, TAVANUR

ONLINE PUBLIC ACCESS CATALOGUE (OPAC)

Principles and Practices of Agronomy (Record no. 15684)

MARC details
000 -LEADER
fixed length control field 00367nam a22001457a 4500
003 - CONTROL NUMBER IDENTIFIER
control field OSt
008 - FIXED-LENGTH DATA ELEMENTS--GENERAL INFORMATION
fixed length control field 190527b ||||| |||| 00| 0 eng d
020 ## - INTERNATIONAL STANDARD BOOK NUMBER
ISBN 978177542110
082 ## - DEWEY DECIMAL CLASSIFICATION NUMBER
Classification number 630
Item number BAL/PR
100 ## - MAIN ENTRY--AUTHOR NAME
Personal name Balasubramaniyan, P.
245 ## - TITLE STATEMENT
Title Principles and Practices of Agronomy
260 ## - PUBLICATION, DISTRIBUTION, ETC. (IMPRINT)
Place of publication Jodhpur
Name of publisher AGROBIOS (India)
Year of publication 2019
300 ## - PHYSICAL DESCRIPTION
Number of Pages 516 p.
942 ## - ADDED ENTRY ELEMENTS (KOHA)
Koha item type Books
Holdings
Withdrawn status Lost status Damaged status Collection code Home library Current library Shelving location Date acquired Cost, normal purchase price Full call number Accession Number Koha item type
      Non-fiction KAUAET KAUAET General Stacks 27/05/2019 1500.00 630 BAL/PR 25910 Books
free website counter